000 00607nam a2200229Ia 4500
003 OSt
005 20221007063630.0
006 a|||||r|||| 00| 0
007 ta
008 221006b |||||||| |||| 00| 0 eng d
024 _a1,566
037 _cReference Collections
040 _aFLL
_cFLL
_beng
041 _2eng
_aeng
082 _aXM55:Z2, L1;5
100 _aSen S.C.
_982432
245 0 _aCompany law
260 _aCalcutta
_bEastern Law House India
_c1971
650 _aCompany law
942 _hXM55:Z2, L1;5
_cREF
_2CC
999 _c1131710
_d1131710